| 000 | 01517nam a2200397 a 4500 | ||
|---|---|---|---|
| 001 | ebr10680872 | ||
| 003 | CaPaEBR | ||
| 006 | m u | ||
| 007 | cr cn||||||||| | ||
| 008 | 100713s2010 nyuab sb 001 0 eng d | ||
| 010 | _z 2010026981 | ||
| 020 | _z9781617288838 (hc) | ||
| 020 | _z1617288837 (hc) | ||
| 020 | _z9781617611582 (e-book) | ||
| 040 |
_aCaPaEBR _cCaPaEBR |
||
| 035 | _a(OCoLC)710995114 | ||
| 043 |
_an-us--- _ad------ |
||
| 050 | 1 | 4 |
_aHG1975 _b.M849 2010eb |
| 082 | 0 | 4 |
_a332.1/53 _222 |
| 245 | 0 | 0 |
_aMultilateral development banks and international finance _h[electronic resource] / _cLeah M. Groffe, editor. |
| 260 |
_aNew York : _bNova Science Publishers, _cc2010. |
||
| 300 |
_aix, 191 p. : _bill., maps. |
||
| 490 | 1 | _aFinancial institutions and services | |
| 504 | _aIncludes bibliographical references and index. | ||
| 533 |
_aElectronic reproduction. _bPalo Alto, Calif. : _cebrary, _d2013. _nAvailable via World Wide Web. _nAccess may be limited to ebrary affiliated libraries. |
||
| 650 | 0 | _aDevelopment banks. | |
| 650 | 0 | _aInternational finance. | |
| 650 | 0 |
_aDebt relief _zDeveloping countries. |
|
| 650 | 0 | _aEconomic assistance. | |
| 650 | 0 | _aEconomic assistance, American. | |
| 655 | 7 |
_aElectronic books. _2local |
|
| 700 | 1 | _aGroffe, Leah M. | |
| 710 | 2 | _aebrary, Inc. | |
| 830 | 0 | _aFinancial institutions and services. | |
| 856 | 4 | 0 |
_uhttp://site.ebrary.com/lib/rucke/Doc?id=10680872 _zAn electronic book accessible through the World Wide Web; click to view |
| 999 |
_c60269 _d60269 |
||